Guess the Gracie Abrams Song With No Hints 1 - Statistics

General Stats
  • This quiz has been taken 30 times
  • The average score is 144 of 231
Answer Stats
Answer % Correct
I
96%
a
92%
it
92%
you
92%
The
88%
the
88%
to
83%
do
79%
like
79%
we
79%
We
79%
and
75%
And
75%
I'm
75%
is
75%
what
75%
feels
71%
have
71%
me
71%
Your
71%
don't
67%
know
67%
time
67%
was
67%
at
63%
it's
63%
this
63%
This
63%
be
58%
right
58%
in
54%
would
54%
If
50%
Met
50%
'cause
46%
couldn't
46%
got
46%
I've
46%
leave
46%
miss
46%
only
46%
out
46%
should
46%
We'll
46%
whatever
46%
close
42%
Oh
42%
almost
38%
alone
38%
alright
38%
away
38%
Been
38%
getting
38%
left
38%
need
38%
wanted
38%
work
38%
called
33%
choke
33%
city's
33%
cut
33%
loud
33%
nights
33%
off
33%
Our
33%
scared
33%
some
33%
cold
29%
Connecticut
29%
Funny
29%
Living
29%
movie
29%
train
29%
trying
29%
watched
29%
we've
29%
bit
25%
clothes
25%
couple
25%
enough
25%
hours
25%
matched
25%
phone
25%
playing
25%
sometimes
25%
stayed
25%
throw
25%
"Towers"
25%
apartament
4%
No matching quizzes found
Score Distribution
Percent of People with Each Score
Percentile by Number Answered
Your Score History
You have not taken this quiz